Thermal Engineering Data Hand Book (Record no. 34586)

MARC details
000 -LEADER
fixed length control field 00389nam a22001577a 4500
003 - CONTROL NUMBER IDENTIFIER
control field OSt
005 - DATE AND TIME OF LATEST TRANSACTION
control field 20220408141543.0
008 - FIXED-LENGTH DATA ELEMENTS--GENERAL INFORMATION
fixed length control field 220408b |||||||| |||| 00| 0 eng d
020 ## - INTERNATIONAL STANDARD BOOK NUMBER
International Standard Book Number 9788189866327
040 ## - CATALOGING SOURCE
Transcribing agency H.U
082 ## - DEWEY DECIMAL CLASSIFICATION NUMBER
Classification number 621.4
100 ## - MAIN ENTRY--PERSONAL NAME
Personal name Reddy B.
9 (RLIN) 35626
245 ## - TITLE STATEMENT
Title Thermal Engineering Data Hand Book
260 ## - PUBLICATION, DISTRIBUTION, ETC.
Place of publication, distribution, etc. New Delhi
Name of publisher, distributor, etc. I.K INTERNATIONAL
Date of publication, distribution, etc. 2007
942 ## - ADDED ENTRY ELEMENTS (KOHA)
Source of classification or shelving scheme Dewey Decimal Classification
Koha item type Books like text book referance book
Suppress in OPAC No
Holdings
Withdrawn status Lost status Source of classification or shelving scheme Damaged status Not for loan Home library Current library Shelving location Date acquired Total Checkouts Full call number Barcode Date last seen Copy number Price effective from Koha item type
    Dewey Decimal Classification     IoT Library IoT Library General Stacks 04/08/2022   621.4/RED/2007 IOTL0021043 04/08/2022 1 04/08/2022 Books like text book referance book
    Dewey Decimal Classification     IoT Library IoT Library General Stacks 04/08/2022   621.4/RED/2007 IOTL0021044 04/08/2022 2 04/08/2022 Books like text book referance book
    Dewey Decimal Classification     IoT Library IoT Library General Stacks 04/08/2022   621.4/RED/2007 IOTL0021045 04/08/2022 3 04/08/2022 Books like text book referance book
    Dewey Decimal Classification     IoT Library IoT Library General Stacks 04/08/2022   621.4/RED/2007 IOTL0021046 04/08/2022 4 04/08/2022 Books like text book referance book
    Dewey Decimal Classification     IoT Library IoT Library General Stacks 04/14/2022   621.4/RED/2007 IOTL0020848 04/14/2022 5 04/14/2022 Books like text book referance book